Asia Pacific Real Estate Conference (8-10 September 1993:Auckland)

Bibliographic Details
Format: Book

MARC

LEADER 00000cam a2200000 7i4500
001 0000006197
005 20000214.0
040 |a INS 
090 0 0 |a S122 
245 0 0 |a Asia Pacific Real Estate Conference (8-10 September 1993:Auckland) 
999 |a S000000215   |b BOOK   |c Seminar   |e Default branch